| 000 | 01299nam a2200325Ia 4500 | ||
|---|---|---|---|
| 001 | ebr10167458 | ||
| 003 | CaPaEBR | ||
| 006 | m u | ||
| 007 | cr cn||||||||| | ||
| 008 | 060803s2006 enk sb 001 0 eng d | ||
| 020 | _z1403975809 (hbk.) : | ||
| 020 | _z9781403975805 (hbk.) : | ||
| 040 |
_aCaPaEBR _cCaPaEBR |
||
| 035 | _a(OCoLC)560404682 | ||
| 050 | 1 | 4 |
_aLC3567 _b.M67 2006eb |
| 082 | 0 | 4 |
_a378.008992404 _222 |
| 100 | 1 |
_aMorris, Marla, _d1962- |
|
| 245 | 1 | 0 |
_aJewish intellectuals and the university _h[electronic resource] / _cMarla Morris. |
| 260 |
_aBasingstoke : _bPalgrave Macmillan, _cc2006. |
||
| 300 | _a251 p. | ||
| 504 | _aIncludes bibliographical references and index. | ||
| 533 |
_aElectronic reproduction. _bPalo Alto, Calif. : _cebrary, _d2008. _nAvailable via World Wide Web. _nAccess may be limited to ebrary affiliated libraries. |
||
| 650 | 0 |
_aAntisemitism in education _zEurope _xHistory. |
|
| 650 | 0 |
_aJewish college students _zEurope _xHistory. |
|
| 650 | 0 |
_aJewish college teachers _zEurope _xHistory. |
|
| 650 | 0 |
_aJews _zEurope _xIntellectual life. |
|
| 655 | 7 |
_aElectronic books. _2local |
|
| 710 | 2 | _aebrary, Inc. | |
| 856 | 4 | 0 |
_uhttp://site.ebrary.com/lib/rucke/Doc?id=10167458 _zAn electronic book accessible through the World Wide Web; click to view |
| 999 |
_c246978 _d246978 |
||